书目信息 |
| 题名: |
汇编语言、微机原理及接口技术(2版)
|
|
| 作者: | 郑初华 主编 | |
| 分册: | ||
| 出版信息: | 北京 电子工业出版社 2006 |
|
| 页数: | 519页 | |
| 开本: | 26cm | |
| 丛书名: | ||
| 单 册: | ||
| 中图分类: | TP313 | |
| 科图分类: | ||
| 主题词: | 汇编语言--程序设计--高等学校--教材 , 微型计算机--接口--高等学校 , 微型计算机--基础理论--高等学校--教材 | |
| 电子资源: | ||
| ISBN: | 7-121-01782-2 | |
| 000 | 01167nam0 2200265 450 | |
| 005 | 20061227150751.78 | |
| 010 | @a7-121-01782-2@dCNY39.00 | |
| 100 | @a20060829d2005 ekmy0chiy0120 ea | |
| 101 | 0 | @achi |
| 102 | @aCN@b110000 | |
| 105 | @aa a 000yy | |
| 200 | 1 | @a汇编语言、微机原理及接口技术(2版)@AHui Bian Yu Yan、 Wei Ji Yuan Li Ji Jie Kou Ji Shu (2 Ban )@f郑初华主编@FZheng Chu Hua Zhu Bian |
| 205 | @a2版 | |
| 210 | @a北京@c电子工业出版社@d2006 | |
| 215 | @a519页@d26cm | |
| 300 | @a高等学校计算机基础及应用教材 | |
| 320 | @a有书目: (第520页) | |
| 330 | @a本书由汇编语言、微机原理、接口技术、微机技术新发展及附录四个部分组成。本书融入多位老师的教学经验,重点突出,详略有序,有一些讲法是其他同类教材未曾涉及,如快速进制转换、原值与补码直接转换、指令的6个要点等。本书适合作为理工类本科汇编语言、微机原理、接口技术以及它们的组合课程的教材,也可作为理工类高职高专教材或参考书。 | |
| 606 | 0 | @a汇编语言@x程序设计@x高等学校@x教材 |
| 606 | 0 | @a微型计算机@x接口@x高等学校 |
| 606 | 0 | @a微型计算机@x基础理论@x高等学校@x教材 |
| 690 | @aTP313@v4 | |
| 701 | 0 | @a郑初华@AZheng Chu Hua@4主编 |
| 801 | 0 | @aCN@b中图数据@c20061227 |
| 905 | @a10447@dTP313@e19=2 | |
| 汇编语言、微机原理及接口技术(2版)/郑初华主编.-2版.-北京:电子工业出版社,2006 |
| 519页;26cm |
| 高等学校计算机基础及应用教材 |
| ISBN 7-121-01782-2:CNY39.00 |
| 本书由汇编语言、微机原理、接口技术、微机技术新发展及附录四个部分组成。本书融入多位老师的教学经验,重点突出,详略有序,有一些讲法是其他同类教材未曾涉及,如快速进制转换、原值与补码直接转换、指令的6个要点等。本书适合作为理工类本科汇编语言、微机原理、接口技术以及它们的组合课程的教材,也可作为理工类高职高专教材或参考书。 |
| ● |
| 相关链接 |
|
|
|
|
正题名:汇编语言、微机原理及接口技术(2版)
索取号:TP313/19=2
 
预约/预借
| 序号 | 登录号 | 条形码 | 馆藏地/架位号 | 状态 | 备注 |
| 1 | 0616312 | 206163122 | 第二样本阅览室/ [索取号:TP313/19=2] | 在馆 | |
| 2 | 0616313 | 206163131 | 第三借阅区/ [索取号:TP313/19=2] | 在馆 | |
| 3 | 0616314 | 206163140 | 第三借阅区/ [索取号:TP313/19=2] | 在馆 |